| 000 | 01801nam a22003377a 4500 | ||
|---|---|---|---|
| 999 |
_c23415 _d23415 |
||
| 003 | AR-CdUCM | ||
| 008 | 251216b2024 pe ||||| |||| 00| 0 spa d | ||
| 020 | _a978-612-46016-4-4 | ||
| 040 |
_aMUNICIPALIDAD PROVINCIAL DEL CUSCO _cBIBLIOTECA MUNICIPAL DEL CUSCO |
||
| 041 | _hspa | ||
| 082 |
_a304.23 / _bM95 |
||
| 110 |
_aMunicipalidad Provincial del Cusco. _951920 |
||
| 245 |
_aCusco de la Catástrofe a la Resiliencia / _bLa Gestión del Riesgo de Desastres en el Centro Histórico. |
||
| 260 |
_aCusco _bMunicipalidad Provincial del Cusco. _c2024 |
||
| 300 |
_a305 páginas. : _c22 x 30cm. |
||
| 500 | _zPáginas 294 - 299. | ||
| 505 | n | _a I. La Capital de los Incas -- Nacimiento de una cultura -- Legado Visual -- El arte de la Construcción -- Últimos destellos rumbo a la decadencia -- Tahuantinsuyo en peligro -- II. ¡Aplaca Señor tu ira! -- Entender a la naturaleza -- Encuentros y Desencuentros -- Del temor al clamor -- III. Historia y Destrucción en la Republica -- El Cusco en el Siglo XIX -- Hasta 1950 -- Hablan los sobrevivientes -- IV. Nueva visión del riesgo -- La Ciencia y los Fenómenos Naturales -- Peligrosos pero controladores -- Combinación mortal -- Las fallas como fuente de Terremotos -- Los Incendios -- V. La Voz de la Historia -- Voces y Memorias.... | |
| 650 |
_aLa Capital Inca _951708 |
||
| 650 |
_aDiluvio Universal _951709 |
||
| 650 |
_aManqo Qhpaq _951710 |
||
| 650 |
_aLas Qolqas _951711 |
||
| 650 |
_aCanales de agua _951712 |
||
| 650 |
_aTahuantinsuyo en peligro _951713 |
||
| 650 |
_aEl nuevo Cusco _951714 |
||
| 650 |
_aFuertes vientos y lluvias _951715 |
||
| 650 |
_aRocas del Centro Histórico _951716 |
||
| 650 |
_aCaracterísticas _951717 |
||
| 650 |
_aTestimonios Civiles _951718 |
||
| 942 |
_2ddc _cLIBROS |
||
| 945 |
_ajmcs _d16/12/2025 |
||